| 000 | 00942nam a2200229Ia 4500 | ||
|---|---|---|---|
| 001 | 21378 | ||
| 003 | GE_BSU | ||
| 008 | 181216s||||||||xx |||||||||||||| ||und|| | ||
| 020 | _a9789941271137 | ||
| 040 | _cGE_BSU | ||
| 080 | _a314+070 | ||
| 100 | _aრედ. პაატა შამუგია. თარგმ. მ.შერვაშიძე | ||
| 245 | _aსტუდენტების განწყობა უმცირესობისადმი და მედიის როლი | ||
| 260 | _aთბილისი | ||
| 260 | _c2017 | ||
| 300 | _a89 გვ. 21 სმ. | ||
| 520 | _aწიგნის მეორე მხარე ინგლ.ენაზე | ||
| 541 | _h8 ლ. | ||
| 653 | _aსაზოგადოება | ||
| 653 | _aსტუდენტების განწყობა უმცირესობისადმი და მედიის როლი | ||
| 942 | _cBK | ||
| 999 |
_c54322 _d54322 |
||